Terry Pratchett's discworld - names - Statistics

General Stats
  • This quiz has been taken 297 times
  • The average score is 21 of 33
Answer Stats
Hint Answer % Correct
Vimes Samuel
94%
Nobbs Nobby
93%
von Lipwig Moist
90%
Aching Tiffany
88%
Ironfoundersson Carrot
85%
Stibbons Ponder
85%
Weatherwax Esmeralda
83%
Vimes-Ramkin Sybil
83%
Littlebottom Cheery
79%
Dibbler Cut-Me-Own-Throat
78%
Colon Fred
78%
Garlick Magrat
78%
Shoe Reginald
78%
Nitt Agnes
77%
Sto Helit Susan
76%
von Überwald Angua
71%
De Worde William
71%
Vetinari Havelock
70%
Ridcully Mustrum
70%
Chriek Otto
67%
Ogg Gytha
66%
Quirm Leonard of
62%
King Harry
54%
Anybody Rob
52%
Swires Buggy
49%
Dearhart Adora Belle
48%
Palm Rosie
47%
Johnson Bergholt Stuttley
43%
Cripslock Sacharissa
36%
Oats Mightily
27%
Rust Ronald
22%
Smith Eskarina
19%
Tick Perspicacia
17%
No matching quizzes found
Score Distribution
Percent of People with Each Score
Percentile by Number Answered
Your Score History
You have not taken this quiz